Thành phố Hồ Chí Minh trong quan hệ Việt Nam – Asean
Сохранить в:
| Главный автор: | |
|---|---|
| Формат: | |
| Язык: | Undetermined |
| Предметы: | |
| Online-ссылка: | http://lrc.tdmu.edu.vn/opac/search/detail.asp?aID=2&ID=25566 |
| Метки: |
Добавить метку
Нет меток, Требуется 1-ая метка записи!
|
| Thư viện lưu trữ: | Trung tâm Học liệu Trường Đại học Thủ Dầu Một |
|---|
| LEADER | 00610nam a2200145Ia 4500 | ||
|---|---|---|---|
| 001 | TDMU_25566 | ||
| 008 | 210410s9999 xx 000 0 und d | ||
| 082 | |a 327.2 | ||
| 100 | |a Phan, Xuân Biên | ||
| 245 | 0 | |a Thành phố Hồ Chí Minh trong quan hệ Việt Nam – Asean | |
| 245 | 0 | |c Phan Xuân Biên | |
| 300 | |a Tr.9-11 | ||
| 650 | |a Chính trị xã hội; Việt Nam; Asean; Quan hệ hợp tác; Thành phố Hồ Chí Minh | ||
| 856 | |u http://lrc.tdmu.edu.vn/opac/search/detail.asp?aID=2&ID=25566 | ||
| 980 | |a Trung tâm Học liệu Trường Đại học Thủ Dầu Một | ||